000 00349pab a2200145 454500
008 180718b2001 xxu||||| |||| 00| 0 eng d
245 _aA CONFOUNDING exercise
260 _c2001
300 _ap.817-18
362 _a10 Mar
650 _aBudget - India - 2001-2002
650 _aBudget
773 _aEconomic and Political Weekly
909 _a47870
999 _c47870
_d47870